Exploits sportifs /

Guardado en:
Autor Principal: Malzac, Jacques
Formato: Libro
Publicado: Paris : Hachette, 1966
Etiquetas: Agregar Etiqueta
Sin Etiquetas, Sea el primero en etiquetar este registro!
LEADER 00379nam a22001455a 4500
001 CEM.cems004103
005 20060216000000.0
008 130507s1966##################000#0#####d
003 CEMS
082 0 4 |a 843 
100 1 |a Malzac, Jacques 
245 1 0 |a Exploits sportifs / 
260 |a Paris :  |b Hachette,  |c 1966 
300 |a 80 p.1 
859 |a CEMS  |b BIB. CEMS - 11 de abril  |h 843  |i M299-1  |p 13616.85  |t Ej.1